000 01143cad a22002295a 4500
001 L146176
008 081215s2008 xxk f v 000 0 eng d
035 _a(Sirsi) u146176
041 0 _aeng
100 1 _aDavies, Mark
245 0 0 _aRights of light
_bfrom an insurer's perspective
_bh[electronic resource]
260 _c2008
490 _aProperty Eye
_v2008, 19-21(3)
520 _aExplains what rights of light are. Discusses how a right of light is measured and created, and comments on why these rights are important. Sets out the grounds for legal action for interference with rights of light and explains the remedies for interference. Includes commentary on relevant case law.
590 _aKA
650 2 4 _aREGAN V PAUL PROPERTIES LTD AND OTHERS
650 2 4 _aTAMARES (VINCENT SQUARE) LTD V FAIRPOINT PROPERTIES (VINCENT SQUARE) LTD
651 4 _aEngland and Wales
_y1543-
690 _aPROPERTY-PROPERTY MANAGEMENT-EASEMENTS-RIGHTS TO LIGHT DETERMINATION-RIGHTS TO LIGHT
856 4 0 _uhttps://www.rics.org/site/download_feed.aspx?fileID=145&fileExtension=PDF
_zView the report free of charge at www.rics.org...
942 _n0
999 _c81068
_d81068